Limitaciones de la legislación laboral en Colombia para garantizar la protección del derecho al trabajo decente / (Registro nro. 673)
[ vista simple ]
| 000 -LEADER | |
|---|---|
| fixed length control field | 02403nmm a2200265 a 4500 |
| 003 - CONTROL NUMBER IDENTIFIER | |
| control field | CO-CtgCURN |
| 005 - DATE AND TIME OF LATEST TRANSACTION | |
| control field | 20250609143558.0 |
| 008 - FIXED-LENGTH DATA ELEMENTS--GENERAL INFORMATION | |
| fixed length control field | 240219s2023 xx f 000 0 und dd |
| 040 ## - CATALOGING SOURCE | |
| Original cataloging agency | CO-CtgCURN |
| Language of cataloging | spa |
| Transcribing agency | coctgcurn |
| 082 ## - DEWEY DECIMAL CLASSIFICATION NUMBER | |
| Classification number | DER 2023 |
| Item number | N717l |
| 100 ## - MAIN ENTRY--PERSONAL NAME | |
| Personal name | Niño Lobo, Orlando Jesús |
| Relator term | autor |
| 9 (RLIN) | 9020 |
| 245 #0 - TITLE STATEMENT | |
| Title | Limitaciones de la legislación laboral en Colombia para garantizar la protección del derecho al trabajo decente / |
| Medium | [electronic resource] / |
| Statement of responsibility, etc. | Orlando Jesus Niño Lobo; tutor., Juan Carlos Berrocal Durán |
| 260 ## - PUBLICATION, DISTRIBUTION, ETC. | |
| Place of publication, distribution, etc. | Barranquilla, Atlántico : |
| Name of publisher, distributor, etc. | Corporación Universitaria Rafael Núñez, |
| Date of publication, distribution, etc. | 2023 |
| 300 ## - PHYSICAL DESCRIPTION | |
| Extent | 1 recurso en línea (40 páginas (PDF)) : |
| Other physical details | ilustraciones, |
| 502 ## - DISSERTATION NOTE | |
| Dissertation note | Trabajo de Grado (Abogado). Corporación Universitaria Rafael Núñez. Facultad de Ciencias Sociales y Humanas. Programa de Derecho, 2023 |
| 504 ## - BIBLIOGRAPHY, ETC. NOTE | |
| Bibliography, etc. note | Incluye referencias bibliográficas |
| 520 ## - SUMMARY, ETC. | |
| Summary, etc. | Las condiciones laborales en Colombia no han sido las mejores han estado caracterizadas por constantes violaciones a los principios consagrados en la Constitución y enmarcadas en antecedentes históricos de persecuciones a las fuerzas sindicales generando una problemática que sin duda viola los derechos humanos, entre ellos el derecho al trabajo. Por otro lado, y como un agravante más, se le suma a esta problemática el crecimiento del desempleo, la violencia, la guerrilla y los problemas políticos, que han traído consigo la aparición de fenómenos sociales como el desplazamiento forzado, la delincuencia, la prostitución, mendicidad, entre muchos más, que diariamente afectan la sana convivencia en la sociedad, en vista de la ausencia de soluciones por parte del Estado, las personas en estado de vulnerabilidad por la violación de sus derechos se ven en la necesidad de encontrar soluciones inmediatas que les permitan garantizar su supervivencia y la satisfacción de sus necesidades básicas. |
| 521 ## - TARGET AUDIENCE NOTE | |
| Target audience note | AREA PROFESIONAL |
| 590 ## - LOCAL NOTE (RLIN) | |
| Local note | Programa de Derecho_18 |
| 650 ## - SUBJECT ADDED ENTRY--TOPICAL TERM | |
| Topical term or geographic name entry element | Derecho |
| Form subdivision | Tesis y disertaciones académicas |
| 9 (RLIN) | 9021 |
| 700 ## - ADDED ENTRY--PERSONAL NAME | |
| Personal name | Berrocal Durán, Juan Carlos |
| Relator term | tutor |
| 9 (RLIN) | 9022 |
| 856 ## - ELECTRONIC LOCATION AND ACCESS | |
| Uniform Resource Identifier | <a href="https://unicurn.sharepoint.com/:b:/s/biblioteca/EYyRfKuHZKJHsDNktL_4ogABhI2MSZ8-0BZTfl-1Glnp4g?e=BGb6E4">https://unicurn.sharepoint.com/:b:/s/biblioteca/EYyRfKuHZKJHsDNktL_4ogABhI2MSZ8-0BZTfl-1Glnp4g?e=BGb6E4</a> |
| Link text | Consulte aquí el texto completo |
| 942 ## - ADDED ENTRY ELEMENTS (KOHA) | |
| Koha item type | Trabajos de grado |
| Classification part | DER 2023 |
| Item part | N717l |
| Source of classification or shelving scheme | Dewey Decimal Classification |
| Suppress in OPAC | No |
| Withdrawn status | Lost status | Source of classification or shelving scheme | Damaged status | Not for loan | Collection | Home library | Current library | Shelving location | Date acquired | Inventory number | Total checkouts | Full call number | Barcode | Date last seen | Copy number | Price effective from | Koha item type |
|---|---|---|---|---|---|---|---|---|---|---|---|---|---|---|---|---|---|
| Dewey Decimal Classification | Trabajos de grado | Miguel Henríquez Castañeda Barranquilla | Miguel Henríquez Castañeda Barranquilla | Trabajo de grado | 02/19/2024 | 05331 | DER 2023 N717l | 05331 | 02/19/2024 | ej.1 | 02/19/2024 | Trabajos de grado |